000 00970naa a2200301 c 4500
001 31968
003 ES-MaCES
005 20141221114123.0
008 000911n2000 sp o t o000 | spa d
035 _aCES20000005050v
040 _aES-MaCES
_bspa
_cES-MaCES
100 1 _aCastejón Vilella, Emilio
_99241
245 1 0 _aAccidentalidad laboral
_cEmilio Castejón Vilellaa
504 _aBibliografía: p. 10
650 4 _acuadros estadísticos
_928890
650 4 _aevaluación
_928893
650 4 _a1983-1998
_931546
650 4 _aEspaña
_926964
650 4 _aempleo temporal
_929000
650 4 _arotación en el trabajo
_929214
650 4 _acarga de trabajo
_929850
650 4 _aaccidente de trabajo
_928345
653 1 0 _aSalud
773 0 _tPrevención, trabajo y salud
_gn. 5 (2000){55/801 R. 036787}; 4-10
_w(ES-MaCES)25787
_973555
902 _aART Artículo de revista
942 _2CES
_cAR
_h3.1.
999 _c31968
_d31968